<?xml version="1.0" encoding="UTF-8"?>
<record
    xmlns:xsi="http://www.w3.org/2001/XMLSchema-instance"
    xsi:schemaLocation="http://www.loc.gov/MARC21/slim http://www.loc.gov/standards/marcxml/schema/MARC21slim.xsd"
    xmlns="http://www.loc.gov/MARC21/slim">

  <leader>04223njm a2200589Ia 4500</leader>
  <controlfield tag="001">F2546</controlfield>
  <controlfield tag="003">IT-RoPAU</controlfield>
  <controlfield tag="005">20220918181115.0</controlfield>
  <controlfield tag="008">131025s9999    xx            000 0 und d</controlfield>
  <datafield tag="040" ind1=" " ind2=" ">
    <subfield code="a">IT-RoPAU</subfield>
  </datafield>
  <datafield tag="040" ind1=" " ind2=" ">
    <subfield code="c">IT-RoPAU</subfield>
  </datafield>
  <datafield tag="999" ind1=" " ind2=" ">
    <subfield code="c">99291</subfield>
    <subfield code="d">99291</subfield>
  </datafield>
  <datafield tag="999" ind1=" " ind2=" ">
    <subfield code="b">n.d.</subfield>
  </datafield>
  <datafield tag="100" ind1=" " ind2=" ">
    <subfield code="a">AA.VV.</subfield>
    <subfield code="9">794</subfield>
  </datafield>
  <datafield tag="100" ind1=" " ind2=" ">
    <subfield code="e">Autore musica</subfield>
    <subfield code="9">32581</subfield>
  </datafield>
  <datafield tag="100" ind1=" " ind2=" ">
    <subfield code="g">Codice autore musica SPICS: 12000</subfield>
    <subfield code="9">796</subfield>
  </datafield>
  <datafield tag="245" ind1=" " ind2=" ">
    <subfield code="a">Wonder of Christmas (The)</subfield>
  </datafield>
  <datafield tag="250" ind1=" " ind2=" ">
    <subfield code="a">1a ed.</subfield>
  </datafield>
  <datafield tag="260" ind1=" " ind2=" ">
    <subfield code="a">BOSTON</subfield>
  </datafield>
  <datafield tag="260" ind1=" " ind2=" ">
    <subfield code="b">DAUGHTERS OF ST. PAUL</subfield>
    <subfield code="c">1988 [1a Ed.:1988 - Ed. Lingua Orig.: 1988]</subfield>
  </datafield>
  <datafield tag="300" ind1=" " ind2=" ">
    <subfield code="a">COMPACT DISC</subfield>
  </datafield>
  <datafield tag="300" ind1=" " ind2=" ">
    <subfield code="c">40 minuti (Testo: 0 pag.)</subfield>
  </datafield>
  <datafield tag="500" ind1=" " ind2=" ">
    <subfield code="a">Musica religiosa, natalizia. Testi delle canzoni.</subfield>
  </datafield>
  <datafield tag="505" ind1=" " ind2=" ">
    <subfield code="a">Carol of the Bells (3:00) - O Come, All Ye Faithful (5:00) - Hush, the Baby Is Sleeping (3:00) - Once In Royal David's City (4:00) - I Saw Three Ships (2:00) - Break Forth, O Beauteous Heavenly Light (3:00) - Caroling, Caroling (2:00) - Go Tell It On the Mountain (3:00) - Angels We Have Heard On High (3:00) - O Little Town of Bethlehem (4:00) - Do You Hear What I Hear? (3:00) - In the Bleak Midwinter (4:00) - Bethlehem's Poor Child (3:00) - Joy To the World (2:00) - Silent Night (4:00)</subfield>
  </datafield>
  <datafield tag="511" ind1=" " ind2=" ">
    <subfield code="a">Solista: John Darrenkamp, baritono</subfield>
  </datafield>
  <datafield tag="511" ind1=" " ind2=" ">
    <subfield code="a">Darrenkamp Julia Mary Fsp: solista</subfield>
  </datafield>
  <datafield tag="650" ind1=" " ind2=" ">
    <subfield code="a">RELIGIOSA [COMPACT DISC]</subfield>
    <subfield code="e">Codice MATERIA SPICS: 9949</subfield>
    <subfield code="9">32582</subfield>
  </datafield>
  <datafield tag="700" ind1=" " ind2=" ">
    <subfield code="a">Daughters Of St.Paul</subfield>
    <subfield code="g">Codice interprete SPICS: 7531</subfield>
    <subfield code="e">Interprete</subfield>
    <subfield code="9">32583</subfield>
  </datafield>
  <datafield tag="700" ind1=" " ind2=" ">
    <subfield code="a">Leontovich M.</subfield>
    <subfield code="g">Codice autore musica SPICS: 51047</subfield>
    <subfield code="e">Autore musica</subfield>
    <subfield code="p">Carol of the Bells</subfield>
    <subfield code="9">32584</subfield>
  </datafield>
  <datafield tag="700" ind1=" " ind2=" ">
    <subfield code="a">Wilhousky Peter</subfield>
    <subfield code="g">Codice autore testo/musica SPICS: 51048</subfield>
    <subfield code="e">Autore testo/musica</subfield>
    <subfield code="p">Carol of the Bells</subfield>
    <subfield code="9">32585</subfield>
  </datafield>
  <datafield tag="700" ind1=" " ind2=" ">
    <subfield code="a">Wade J.F.</subfield>
    <subfield code="g">Codice autore musica SPICS: 51049</subfield>
    <subfield code="e">Autore musica</subfield>
    <subfield code="p">O Come, All Ye Faithful</subfield>
    <subfield code="9">32586</subfield>
  </datafield>
  <datafield tag="700" ind1=" " ind2=" ">
    <subfield code="a">Oakeley Tr.F.</subfield>
    <subfield code="g">Codice autore testo/musica SPICS: 51050</subfield>
    <subfield code="e">Autore testo/musica</subfield>
    <subfield code="p">O Come, All Ye Faithful</subfield>
    <subfield code="9">32587</subfield>
  </datafield>
  <datafield tag="700" ind1=" " ind2=" ">
    <subfield code="a">Kaiser Kurt</subfield>
    <subfield code="g">Codice autore musica SPICS: 51051</subfield>
    <subfield code="e">Autore musica</subfield>
    <subfield code="p">Hush, the Baby Is Sleeping</subfield>
    <subfield code="9">32588</subfield>
  </datafield>
  <datafield tag="700" ind1=" " ind2=" ">
    <subfield code="a">Harris Deborah</subfield>
    <subfield code="g">Codice autore testo/musica SPICS: 51052</subfield>
    <subfield code="e">Autore testo/musica</subfield>
    <subfield code="p">Hush, the Baby Is Sleeping</subfield>
    <subfield code="9">32589</subfield>
  </datafield>
  <datafield tag="700" ind1=" " ind2=" ">
    <subfield code="a">Gaunllett Henry</subfield>
    <subfield code="g">Codice autore musica SPICS: 51053</subfield>
    <subfield code="e">Autore musica</subfield>
    <subfield code="p">Once In Royal David's City</subfield>
    <subfield code="9">32590</subfield>
  </datafield>
  <datafield tag="700" ind1=" " ind2=" ">
    <subfield code="a">Alexander Cecil</subfield>
    <subfield code="g">Codice autore testo/musica SPICS: 51054</subfield>
    <subfield code="e">Autore testo/musica</subfield>
    <subfield code="p">Once In Royal David's City</subfield>
    <subfield code="9">32591</subfield>
  </datafield>
  <datafield tag="700" ind1=" " ind2=" ">
    <subfield code="a">Anonimo</subfield>
    <subfield code="g">Codice autore musica SPICS:  2620</subfield>
    <subfield code="e">Autore musica</subfield>
    <subfield code="p">I Saw Three Ships - Go Tell It On the Mountain - Angels We Have Heard On High - O Little Town of Bethlehem</subfield>
    <subfield code="9">32592</subfield>
  </datafield>
  <datafield tag="700" ind1=" " ind2=" ">
    <subfield code="a">Bach Johann Sebastian</subfield>
    <subfield code="g">Codice autore musica SPICS: 9695</subfield>
    <subfield code="e">Autore musica</subfield>
    <subfield code="p">Break Forth, O Beauteous Heavenly Light</subfield>
    <subfield code="9">32593</subfield>
  </datafield>
  <datafield tag="700" ind1=" " ind2=" ">
    <subfield code="a">Burt Alfred</subfield>
    <subfield code="g">Codice autore musica SPICS: 51055</subfield>
    <subfield code="e">Autore musica</subfield>
    <subfield code="9">32594</subfield>
  </datafield>
  <datafield tag="700" ind1=" " ind2=" ">
    <subfield code="a">Hutson Wihla</subfield>
    <subfield code="g">Codice autore testo/musica SPICS: 51056</subfield>
    <subfield code="e">Autore testo/musica</subfield>
    <subfield code="p">Caroling, Caroling</subfield>
    <subfield code="9">32595</subfield>
  </datafield>
  <datafield tag="700" ind1=" " ind2=" ">
    <subfield code="a">Brooks Phillips</subfield>
    <subfield code="g">Codice autore testo/musica SPICS: 51057</subfield>
    <subfield code="e">Autore testo/musica</subfield>
    <subfield code="p">O Little Town of Bethlehem</subfield>
    <subfield code="9">32596</subfield>
  </datafield>
  <datafield tag="700" ind1=" " ind2=" ">
    <subfield code="a">Regney Noel</subfield>
    <subfield code="g">Codice autore musica SPICS: 51058</subfield>
    <subfield code="e">Autore musica</subfield>
    <subfield code="p">Do You Hear What I Hear?</subfield>
    <subfield code="9">32597</subfield>
  </datafield>
  <datafield tag="700" ind1=" " ind2=" ">
    <subfield code="a">Shayne Gloria</subfield>
    <subfield code="g">Codice autore testo/musica SPICS: 51059</subfield>
    <subfield code="e">Autore testo/musica</subfield>
    <subfield code="p">Do You Hear What I Hear?</subfield>
    <subfield code="9">32598</subfield>
  </datafield>
  <datafield tag="700" ind1=" " ind2=" ">
    <subfield code="a">Darke Harold</subfield>
    <subfield code="g">Codice autore musica SPICS: 51060</subfield>
    <subfield code="e">Autore musica</subfield>
    <subfield code="p">In the Bleak Midwinter</subfield>
    <subfield code="9">32599</subfield>
  </datafield>
  <datafield tag="700" ind1=" " ind2=" ">
    <subfield code="a">Rossetti Cristina</subfield>
    <subfield code="g">Codice autore testo/musica SPICS: 39325</subfield>
    <subfield code="e">Autore testo/musica</subfield>
    <subfield code="p">In the Bleak Midwinter</subfield>
    <subfield code="9">32600</subfield>
  </datafield>
  <datafield tag="700" ind1=" " ind2=" ">
    <subfield code="a">Figurant Janet Peter Fsp</subfield>
    <subfield code="g">Codice autore musica SPICS: 51062</subfield>
    <subfield code="e">Autore musica</subfield>
    <subfield code="p">Bethlehem's Poor Child</subfield>
    <subfield code="9">32601</subfield>
  </datafield>
  <datafield tag="700" ind1=" " ind2=" ">
    <subfield code="a">Wright Melissa</subfield>
    <subfield code="g">Codice autore testo/musica SPICS: 51063</subfield>
    <subfield code="e">Autore testo/musica</subfield>
    <subfield code="p">Bethlehem's Poor Child</subfield>
    <subfield code="9">32602</subfield>
  </datafield>
  <datafield tag="700" ind1=" " ind2=" ">
    <subfield code="a">Handel Georg Friedrich</subfield>
    <subfield code="g">Codice autore musica SPICS: 5619</subfield>
    <subfield code="e">Autore musica</subfield>
    <subfield code="p">Joy To the World</subfield>
    <subfield code="9">32603</subfield>
  </datafield>
  <datafield tag="700" ind1=" " ind2=" ">
    <subfield code="a">Watts Isaac</subfield>
    <subfield code="g">Codice autore testo/musica SPICS: 51064</subfield>
    <subfield code="e">Autore testo/musica</subfield>
    <subfield code="p">Joy To the World</subfield>
    <subfield code="9">32604</subfield>
  </datafield>
  <datafield tag="700" ind1=" " ind2=" ">
    <subfield code="a">Gruber Franz</subfield>
    <subfield code="g">Codice autore musica SPICS: 10935</subfield>
    <subfield code="e">Autore musica</subfield>
    <subfield code="p">Silent Night</subfield>
    <subfield code="9">808</subfield>
  </datafield>
  <datafield tag="700" ind1=" " ind2=" ">
    <subfield code="a">Mohr</subfield>
    <subfield code="g">Codice autore testo/musica SPICS: 27312</subfield>
    <subfield code="e">Autore testo/musica</subfield>
    <subfield code="p">Silent Night</subfield>
    <subfield code="9">32605</subfield>
  </datafield>
  <datafield tag="942" ind1=" " ind2=" ">
    <subfield code="c">CD</subfield>
    <subfield code="2">ddc</subfield>
  </datafield>
  <datafield tag="952" ind1=" " ind2=" ">
    <subfield code="0">0</subfield>
    <subfield code="1">0</subfield>
    <subfield code="4">0</subfield>
    <subfield code="6">F_2546_000000000000000</subfield>
    <subfield code="7">1</subfield>
    <subfield code="a">SPICS</subfield>
    <subfield code="b">SPICS</subfield>
    <subfield code="d">2013-10-25</subfield>
    <subfield code="l">0</subfield>
    <subfield code="o">F2546</subfield>
    <subfield code="r">2013-10-25 00:00:00</subfield>
    <subfield code="w">2013-10-25</subfield>
    <subfield code="y">CD</subfield>
    <subfield code="z">Progr. Ins.: 22525 / N.Vol.: 1 / Copie: 1 - Copia rara: n.d. / date import: 01.01.2014 - By Epidotti, Trombetti, Vaglietti</subfield>
  </datafield>
</record>
